Państwa Świata - Quiz A-J #1 - Statystyki

Ogólne statystyki
  • Ten quiz został rozwiązany 69 razy
    23 od ostatniego zresetowania
  • Średni wynik to 7 z 10
Statystyki odpowiedzi
Hint Odpowiedź % Poprawnych
na A nie kończący się na A Azerbejdżan|Afganistan
83%
na E nie kończący się na A Ekwador|Egipt|Eswatini
83%
na J nie kończący się na A Jemen
83%
na B kończący się na Ś Białoruś
78%
na H kończący się na A Holandia|Hiszpania
78%
na F kończący się na I Fidżi
72%
na C kończący się na R Cypr
61%
na D nie kończący się na A Dżibuti
56%
na G nie kończący się na A Gabon|Gwinea Bissau
56%
na I kończący się na L Izrael
56%
Nie znaleziono quizów pasujących do podanych kryteriów
Rozkład punktacji
Procent ludzi z każdym wynikiem
Percentyl według liczby udzielonych odpowiedzi
Twoja historia wyników
Nie rozwiązałeś tego quizu od ostatniego zresetowania